| 000 | 01139cam a2200217 4500 | ||
|---|---|---|---|
| 001 | WB3945-08 | ||
| 008 | 031126n2003 000 0 eng u | ||
| 035 | _a(Sirsi) u124475 | ||
| 245 | _aMarket comment from FPD Savills | ||
| 260 | _c2003 | ||
| 490 |
_aFPD Savills Research _v November 2003, (1) |
||
| 520 | _aAnalyses the housing market for investors in the context of slower house price growth. Advises that would be investors will have to reconsider their strategies for making money out of the market in future. A simple way of doing this is to add value through home improvements. Notes the rising cost of rebuilding houses and the fact that an average house will have to last around 1 000 years before it is replaced due to the low level of house building. For the FPD Savills release: http://www.fpdsavills.co.uk/research.asp?content=%5Cuber%5Fresearch%5C3851%2Ehtm&subcategory=none&contenttype=research&category= | ||
| 590 | _aWB | ||
| 650 | _aFPD SAVILLS | ||
| 650 | _aHOUSE PRICES | ||
| 650 | _aHOUSING GROWTH | ||
| 650 | _aHOUSE REBUILDING | ||
| 650 | _aHOUSE REPAIR | ||
| 690 | _aHOUSING-DEVELOPMENT | ||
| 942 | _n0 | ||
| 999 |
_c73862 _d73862 |
||